书目信息 |
| 题名: |
声学基础
|
|
| 作者: | 金泽里 著 | |
| 分册: | ||
| 出版信息: | 北京 高等教育出版社 1955 |
|
| 页数: | 408页 | |
| 开本: | 20cm | |
| 丛书名: | ||
| 单 册: | ||
| 中图分类: | O42 | |
| 科图分类: | ||
| 主题词: | 声学 | |
| 电子资源: | ||
| ISBN: | ||
| 000 | 00552nam0 2200205 450 | |
| 001 | 0655207297 | |
| 005 | 20060731152152.35 | |
| 010 | @dCNY1.50 | |
| 100 | @a20060731d1955 km y0chiy0120 ea | |
| 101 | 0 | @achi@crus |
| 102 | @aCN@b110000 | |
| 102 | @aCN@b110000 | |
| 200 | 1 | @a声学基础@Asheng xue ji chu@f(苏)Г·С·金泽里等著@F(su)Г·С·jin ze li deng zhu |
| 210 | @a北京@c高等教育出版社@d1955 | |
| 215 | @a408页@d20cm | |
| 606 | 0 | @a声学 |
| 690 | @aO42@v3 | |
| 701 | 0 | @a金泽里@Ajin ze li@4著 |
| 801 | 0 | @aCN@bPFT@c20060731 |
| 905 | @a10447@dO42@e19 | |
| 声学基础/(苏)Г·С·金泽里等著.-北京:高等教育出版社,1955 |
| 408页;20cm |
| ISBN :CNY1.50 |
| ● |
| 相关链接 |
|
|
|
|
正题名:声学基础
索取号:O42/19
 
预约/预借
| 序号 | 登录号 | 条形码 | 馆藏地/架位号 | 状态 | 备注 |
| 1 | 0434194 | 204341943 | 密集书库/ [索取号:O42/19] | 在馆 |